000 00377nam a2200133Ia 4500
008 100328s9999 xx 000 0 und d
082 _b39367
100 _aराजे नयना
245 _aआत्मसन्मान
260 _bनवचैतन्य
630 _aआत्मसन्मान
730 _aआत्मसन्मान
942 _cBOOK
999 _c528331
_d528328